000 00859naa a22002417u 4500
001 20896
003 HDC
007 cr bn ---aaaaa
008 210306t200901 xx 000 0 eng
040 _aHDC
100 _aRUZANNA MUHAMMAD,
_eauthor
_916299
245 0 _aIHI Alliance proceeds to public enquiry phase of Halal Logistics Module /
_cby RUZANNA MUHAMMAD
260 _a[No place] :
_b[publisher not identified],
_c2009
336 _atext
_2rdacontent
337 _acomputer
_2rdamedia
338 _aonline resource
_2rdacarrier
650 _aHalal food industry
_xCertification
_9415
650 _aLogistics
_9782
856 _zRequest full-text at [email protected]
942 _2lcc
942 _cEIJ
942 _kEMAG 000927
999 _c18212
_d18212